000 00330nam a22001337a 4500
008 181107b xxu||||| |||| 00| 0 eng d
020 _a9780534518882
041 _aeng
080 _22nd
_a330
100 _a52
101 _aMBE
245 _aGeneralist practice with organizations & communities
_cAshman, K.K.K
942 _2udc
_cBK
999 _c52139
_d52139